| 000 | 00465nam a22001697a 4500 | ||
|---|---|---|---|
| 005 | 20260223101719.0 | ||
| 008 | 260223b |||||||| |||| 00| 0 eng d | ||
| 020 | _a9788123915241 (pbk) | ||
| 040 | _cPK-LaUMT | ||
| 082 |
_a617.601 _bJOH-T |
||
| 100 |
_aJohn, Joseph _99424 |
||
| 245 |
_aTextbook of preventive and community dentistry / _cby Joseph John |
||
| 250 | _a2nd ed. | ||
| 260 |
_aNew Delhi : _bCBS Publishers, _c2014 |
||
| 300 | _a326 p. | ||
| 942 | _cBK | ||
| 999 |
_c139837 _d139837 |
||